| 000 | 01115nam a2200289 i 4500 | ||
|---|---|---|---|
| 003 | DO-SdBNP | ||
| 005 | 20230627134056.0 | ||
| 007 | ta | ||
| 008 | 201204b2018 dr spa ac|| |||| 00| 0 spa d | ||
| 040 |
_aDO-SdBNP _bspa _cBNPHU _erda |
||
| 082 | 4 |
_a920.7 _bD542p _222 |
|
| 100 | 1 |
_aDíaz, Zoilo Fernando, _d1980- _972552 |
|
| 245 | 1 | 0 |
_aPersonajes históricos : _blo ilustre e indeleble; virtud en el hogar de la patria / _cZoilo Fernando Díaz |
| 246 | 1 | 4 |
_aPersonajes históricos lo ilustre e indeleble : _b"valores de nuestra patria" |
| 264 |
_aSantiago de los Caballeros, República Dominicana, _bL & R, _c2018. |
||
| 300 |
_a105 páginas : _bilustraciones y retratos ; _c22 cm. |
||
| 336 |
_2rdacontent _atexto _btxt |
||
| 337 |
_2rdamedia _asin mediación _bn |
||
| 338 |
_2rdacarrier _avolumen _bnc |
||
| 490 | 0 | _aSociedad y cultura | |
| 504 | _a | ||
| 590 | _aInventariado, 2021/VM | ||
| 650 | 4 |
_aPersonajes históricos _zRepública Dominicana _vBiografías _977689 |
|
| 651 | 4 |
_aRepública Dominicana _9170 _vBiografías |
|
| 910 | _aVMateo/Validado. Control de calidad MFF | ||
| 942 |
_2ddc _cLBS1 |
||
| 999 |
_c49329 _d49329 |
||